Constitución Política de la República de Chile.

Wedi'i Gadw mewn:
Manylion Llyfryddiaeth
Prif Awdur: Bronfman Vargas, Alan Julio (autor)
Awduron Eraill: Martínez Estay, José Ignacio (autor)
Fformat: Anhysbys
Iaith:Saesneg
Cyhoeddwyd: Santiago, Chile: Thomson Reuters, 2022
Rhifyn:Vigésima segunda edición. Actualizada al 3 de enero de 2022.
Cyfres:Colección 2022
Pynciau:
Tagiau: Ychwanegu Tag
Dim Tagiau, Byddwch y cyntaf i dagio'r cofnod hwn!

MARC

LEADER 00000 a2200000 4500
003 CL-VaPUC
005 20240806124947.0
008 220329b2022 ||||| |||| 00| 0 eng d
999 |c 435187  |d 435185 
020 |a 978-956-400-236-1 
040 |c Pontificia Universidad Católica de Valparaíso 
082 7 |a 342.83 BRO 2022  |2 22 
100 |a Bronfman Vargas, Alan Julio  |e autor  |9 814208 
245 |a Constitución Política de la República de Chile. 
250 |a Vigésima segunda edición. Actualizada al 3 de enero de 2022. 
260 |a Santiago, Chile:  |b Thomson Reuters,  |c 2022 
300 |a 1303 páginas 
490 |a Colección 2022 
505 |a Anotaciones y concordancias. Indice temático. Títulos de artículos del cuerpo del Código y de las normas del apéndice 
583 |k Catalogador Asistente  |c 20220329 
650 0 |a Derecho constitucional   |9 222588  |z Chile 
650 0 |a Constitución política  |9 336925  |z Chile 
700 |a Martínez Estay, José Ignacio  |e autor  |9 602023 
942 |2 ddc  |c BK 
952 |0 0  |1 0  |2 ddc  |4 0  |6 342_830000000000000_BRO_2022  |7 0  |8 R  |9 582235  |a BIBDER  |b BIBDER  |d 2022-03-29  |e 31  |g 0.00  |i 5650430  |l 90  |m 2  |o 342.83 BRO 2022  |p 5650430  |r 2025-03-17  |s 2025-03-17  |t 1  |v 0.00  |w 2022-03-29  |y BK_R  |k DER